Statistics for Hottest Countries with Exceptions

Click here to take the quiz!

General Stats

  • This quiz has been taken 11,478 times
    (11,437 since last reset)
  • The average score is 15 of 21

Answer Stats

°CCountry% Correct
25.85Indonesia
87%
25.60Oman
82%
26.30Thailand
82%
25.40Malaysia
81%
27.00United Arab Emirates
80%
27.15Qatar
78%
26.45Singapore
76%
26.95Sri Lanka
74%
25.35Kuwait
73%
26.80Cambodia
73%
27.15Bahrain
72%
25.85Philippines
72%
25.40Panama
70%
27.65Maldives
67%
26.85Brunei
66%
25.35Venezuela
65%
25.25East Timor
63%
25.00Bangladesh
62%
25.70Suriname
60%
26.00Guyana
59%
25.30Belize
49%

Score Distribution

Percentile by Number Answered

Percent of People with Each Score

Your Score History

You have not taken this quiz since the last reset